000 00995nmc a2200337 a 4500
003 AR-BaBNM
005 20251128204947.0
008 011101s1989 ||||||||||||||000 | spa||
020 _a950-506-184-6
040 _cAR-BaBNM
100 1 _aGoldman, Noemí
245 1 0 _aEl discurso como objeto de la historia ;
_bEl discurso político de Mariano Moreno
250 _a1ª ed.
260 _aBuenos Aires
_bHachette
_c1989
300 _a313 p.
490 0 _aHachette Universidad. Ciencia - Política - Sociedad
500 _aContiene: documentción anexa y fuentes en p. 187-271
500 _aGlosario en p. 301-304
504 _aBibliografía en p. 305-314
650 4 _aINVESTIGACION LINGUISTICA
650 4 _aHISTORIA
650 4 _aANALISIS LITERARIO
650 4 _aDISCURSOS
651 4 _aArgentina
653 _aANALISIS DEL DISCURSO
700 1 _aRobin, Regine
700 1 _aGuilhaumou, Jacques
800 1 _aArnoux, Elvira
_edirector
942 _cBK
998 _claura
999 _c9497
_d9497